| 000 | 00835nam a2200253 i 4500 | ||
|---|---|---|---|
| 001 | bg | ||
| 100 | 1 | _aPACHOCIŃSKI, Ryszard | |
| 245 | 1 | 0 |
_aOświata XXI wieku : _bkierunki przeobrażeń / _cRyszard Pachociński ; Instytut Badań Edukacyjnych. |
| 260 |
_aWarszawa : _bIBE, _c1999. |
||
| 300 |
_a204 s. ; _c21 cm. |
||
| 504 | _aBibliogr. s. 193-201. | ||
| 650 | 9 |
_aKomputery _xstosowanie _xnauczanie |
|
| 650 | 9 |
_aOświata _xorganizacja _xzagadnienia _y20 w. |
|
| 650 | 9 |
_aRzeczywistość wirtualna _xzagadnienia |
|
| 650 | 9 |
_aSpołeczeństwo informacyjne _xzagadnienia |
|
| 710 | 0 | _aInstytut Badań Edukacyjnych (Warszawa) | |
| 020 | _a8387925233 | ||
| 040 | _cBPK | ||
| 041 | 0 | _apl | |
| 080 | _a37.008"19":316.42:316.77:659.3:004.946 | ||
| 920 | _a83-87925-23-3 | ||
| 942 | _cKS | ||
| 008 | s pl f |000 0 pol | ||
| 999 |
_c36823 _d36823 |
||
| 856 |
_uhttp://koha.tu.koszalin.pl/cgi-bin/koha/opac-detail.pl?biblionumber=36823 _yKatalog online BPK |
||